000 00756nam a2200217Ii 4500
003 JO-AjNU
008 230605s9999||||xx |||||||||||||| ||und||
017 _a1984/2455
040 _aJO-AjNU
_bara
_erda
_cJO-AjNU
041 _aara
050 1 4 _aGV885.M776 1984
100 3 _aتاليف عبد الدايم، محمد محمود، م.مشارك حسانين، محمد صبحي,
_eauthor
_920956
245 0 0 _aالقياس في كرة السلة
250 _aط1
264 3 1 _aالقاهرة: دار الفكر العربي، 1984
300 _a266ص
_bيشتمل على جداول
336 _atext
_btxt
_2rdacontent
337 _aunmediated
_bn
_2rdamedia
338 _avolume
_bnc
_2rdacarrier
650 4 _aكرة السلة - رياضة
_920957
999 _aA7199
_c10767
_d10767